Blue Logos Close-Up Quiz Stats

 Plays Quiz Updated Apr 16, 2018

Score 0/20 Timer 06:00
0 Plays Today
Hint Answer % Correct
Facebook
99.7%
Ford
99.2%
NASA
98.8%
Twitter
97.9%
Samsung
96.8%
Intel
94.1%
American Express
94%
Skype
94%
Volkswagen
91%
New York Yankees
87.7%
Hint Answer % Correct
Hewlett-Packard
87.1%
General Electric
84%
SEGA
82.2%
IBM
81.7%
Lowe's
81.5%
AT&T
80.7%
Paypal
80.6%
United States Postal Service
66%
UNICEF
65.8%
Tennessee Titans
65.5%

You're not logged in!

Compare scores with friends on all Sporcle quizzes.
OR
Log In

Sporcle TV

Today on Sporcle TV


Watch our educational content, quiz creation guides, and fun videos on Sporcle TV.

Show Comments

Extras

Top Quizzes Today


Score Distribution

Your Account Isn't Verified!

In order to create a playlist on Sporcle, you need to verify the email address you used during registration. Go to your Sporcle Settings to finish the process.

Report this User

Report this user for behavior that violates our Community Guidelines.

Details: